Decamerón

Guardat en:
Dades bibliogràfiques
Autor principal: Boccaccio, Giovanni (Autor)
Format: Llibre
Idioma:espanyol
Publicat: Barcelona Planeta 1999
Col·lecció:Clásicos Universales Planeta, 33
Matèries:
Etiquetes: Afegir etiqueta
Sense etiquetes, Sigues el primer a etiquetar aquest registre!

MARC

LEADER 00000nam a2200000 a 4500
001 UCM7555
003 CL-VaPUC
008 021227e19990000SP |||||||||||||||||spa|d
082 0 4 |a 853  |b BOC  |2 21 
100 0 |a Boccaccio, Giovanni  |e author  |9 397 
245 1 0 |a Decamerón 
300 |a 583 p 
942 |c BK 
945 |d 20021227 00:00:00  |a vberengu 
260 |a Barcelona  |b Planeta  |c 1999 
650 0 |a Literatura italiana  |9 266970 
650 0 |a Novela italiana  |9 265740 
583 |a last modification  |c 20021227 00:00:00  |k Rodrigo Vera 
490 0 |a Clásicos Universales Planeta, 33 
999 |c 302314  |d 302312 
952 |0 0  |1 0  |4 0  |6 853_000000000000000_BOC_1999  |7 0  |8 A  |9 362721  |a BIBEDU  |b BIBEDU  |d 2019-11-21  |i 3872661  |o 853 BOC 1999  |p 3872661  |r 2019-11-21  |w 2019-11-21  |y BK  |k LIT